រឿង កំប្លែងខ្លី ៗ : (Record no. 6596)

MARC details
000 -LEADER
fixed length control field 01964nam a22002297a 4500
001 - CONTROL NUMBER
control field 6596
003 - CONTROL NUMBER IDENTIFIER
control field FISKH
005 - DATE AND TIME OF LATEST TRANSACTION
control field 20250528092031.0
008 - FIXED-LENGTH DATA ELEMENTS--GENERAL INFORMATION
fixed length control field 250513b cb ||||| |||| 00| 0 eng d
040 ## - CATALOGING SOURCE
Original cataloging agency FISKH
Language of cataloging khr
Transcribing agency FISKH
Modifying agency FISKH
082 ## - DEWEY DECIMAL CLASSIFICATION NUMBER
Classification number 808.882
100 ## - MAIN ENTRY--PERSONAL NAME
Personal name Bunchheurn, Kong
245 ## - TITLE STATEMENT
Title រឿង កំប្លែងខ្លី ៗ :
Remainder of title កំសាន្តអារម្មណ៏ /
Statement of responsibility, etc. គង្គ ប៊ុនឈឿន
260 ## - PUBLICATION, DISTRIBUTION, ETC.
Place of publication, distribution, etc. ភ្នំពេញ :
Name of publisher, distributor, etc. បណ្ណាល័យ ឆពណ្ណរង្សី ,
Date of publication, distribution, etc. ២០០៦ .
300 ## - PHYSICAL DESCRIPTION
Extent 111 pages :
Other physical details illustrations ;
Dimensions 21 pages .
520 ## - SUMMARY, ETC.
Summary, etc. «រឿងកំប្លែងខ្លីៗ» គឺជារឿងខ្លីផ្ដោតលើកំប្លែង ដែលត្រូវបានសរសេរដោយសិល្បករ និងអ្នកនិពន្ធឈានមុខគេរបស់ខ្មែរ គឺលោក គង្គ ប៊ុនឈឿន។ សៀវភៅនេះត្រូវបានបោះពុម្ពផ្សាយក្នុងឆ្នាំ ២០០៤ ដោយបណ្ណាល័យ ជាង ផុន នៅរាជធានីភ្នំពេញ។ វាបង្ហាញពីខួរក្បាល និងការយល់ដឹងជ្រៅជាពិសេសរបស់អ្នកនិពន្ធចំពោះសង្គមកម្ពុជាតាមរយៈការបញ្ចេញកំប្លែង និងសាច់បួសតន់ចិត្ត។
520 ## - SUMMARY, ETC.
Summary, etc. Short Comedies" is a collection of humorous short stories written by the renowned Khmer author Kong Bun Chheoun. Published in 2004 by Chheang Phon Library in Phnom Penh, this book showcases the author's wit and deep understanding of Cambodian society through satire and comedy.
650 ## - SUBJECT ADDED ENTRY--TOPICAL TERM
Form subdivision កំប្លែងខ្លីៗ
650 ## - SUBJECT ADDED ENTRY--TOPICAL TERM
Form subdivision Short comedy
942 ## - ADDED ENTRY ELEMENTS (KOHA)
Source of classification or shelving scheme Dewey Decimal Classification
Koha item type Khmer Books
Suppress in OPAC No
Holdings
Withdrawn status Lost status Source of classification or shelving scheme Damaged status Not for loan Collection Home library Current library Shelving location Date acquired Total Checkouts Full call number Barcode Date last seen Copy number Price effective from Koha item type
    Dewey Decimal Classification     Khmer Language Books / សៀវភៅភាសាខ្មែរ Footprints International School Library Network Toul Tom Poung Campus Footprints International School Library Network Toul Tom Poung Campus TTP Primary Khmer Bookshelves 05/13/2025   BUN 808.882 FISSE01718 05/13/2025 1 05/13/2025 Khmer Books
    Dewey Decimal Classification     Khmer Language Books / សៀវភៅភាសាខ្មែរ Footprints International School Library Network Toul Tom Poung Campus Footprints International School Library Network Toul Tom Poung Campus TTP Secondary Khmer Bookshelves 05/13/2025   BUN 808.882 FISSE01717 05/13/2025 2 05/13/2025 Khmer Books